000 01617nam a2200421 a 4500
001 000000222
003
005 20260324085150.0
007 ta
008 081209s2008 dr 000 0 spa d
020 _a9789945162332
020 _a9945162330
040 _aDO-SdBPM
_bspa
_cBPMSU
_drda
082 0 4 _a371.3028
_bM538e, 2008
_222
100 1 _aMéndez, Wagner,
_d1966-
_eautor
_4aut.
245 1 0 _aEstrategias y tácticas para la excelencia académica :
_bherramientas para asegurar el éxito estudiantil y forjar el futuro profesional /
_cWagner Méndez.
250 _a2a ed.
264 _aSanto Domingo :
_bEditora Búho,
_c2008.
300 _axxi, 222 páginas ;
_c22 cm.
336 _atexto
_btxt
_2rdacontent
337 _asin mediación
_bn
_2rdamedia
338 _avolumen
_bnc
_2rdacarrier
500 _aIncluye datos biográficos del autor en la solapa de la cubierta
505 2 _tPrólogo --
_tIntroducción --
_gPrimera parte:
_tsentando las bases para la excelencia académica --
_gSegunda parte:
_tla vida universitaria --
_gTercera parte:
_tsaliendo del entrenamiento al campo de batalla --
_tApéndice.
590 _aInventariado,2026/VM
650 7 _aRendimiento académico
650 7 _aAptitud de aprendizaje
650 7 _aOrientación estudiantil
650 4 _aMétodos de estudio
650 0 _aEducación superior
650 4 _aEducación
_zRepública Dominicana
650 z _aHigher education
650 z _aEducación universitaria
650 z _aEducation, Higher
650 z _aEnseñanza superior
910 _aVMateo V. Control de calidad BPMSU
942 _2ddc
_cBK
999 _c15763
_d15763